000
00315nam a2200133 a 4500
001
5678
003
CDMR
005
20130116135312.0
008
130130s ||||||||||||||||||||||||||||d
040
_a
CDMR
_b
cat
_c
CPC GIRONA
245
0
_a
Codi deontològic
260
_b
Col·legi de Periodistes de Catalunya
942
_c
MON
999
_c
5678
_d
5678